000
00306nam a22001337a 4500
008
180111b xxu||||| |||| 00| 0 eng d
020
_a
0915145928
041
_a
eng
080
_a
101
100
_a
24
101
_a
FIL
245
_a
Three Treatises on the Nature of Science
_c
Walzer, R
942
_2
udc
_c
BK
999
_c
40089
_d
40089